Songs from the First Line(s) - Wrestling (WWE) Entrance Theme Edition - Statistics

General Stats
  • This quiz has been taken 120 times
  • The average score is 13 of 20
Answer Stats
Hint Answer % Correct
Your time is up, my time is now / You can't see me, my time is now / It's the franchise, boy I'm shinin' now / You can't see me, my time is now! John Cena
97%
I hear voices in my head / They counsel me / They understand / They talk to me / You got your rules and your religion / All designed to keep you safe Randy Orton
93%
Booyaka, booyaka, 619 / Booyaka, booyaka, that's my pueblo / Booyaka, booyaka, 619 (Hey!) / Booyaka, booyaka, that's my pueblo! Rey Mysterio
82%
It's time to play the game... / Ha ha ha ha / Its all about the game, and how you play it / All about control, and if you can take it Triple H
80%
I think I'm cute / I know I'm sexy / I got the looks / That drives the girls wild / I got the moves / That really move them Shawn Michaels
78%
Dead man walking / You've done it now, you’ve gone and made a big mistake / And I can't allow you to think you can just walk away The Undertaker
78%
Look in my eyes, what do you see? / The cult of personality / I know your anger, I know your dreams / I've been everything you wanna be CM Punk
76%
Viva la raza! / I lie, I cheat, I steal / I lie, I cheat, I steal / Yo! Mamacita, I got the passion that's fast and long Eddie Guerrero
76%
Come on / You know I got ya, yeah / One, break the wall down / Break down the walls / For those about to rock and what ya want Chris Jericho
75%
You think you know me... / On this day I see clearly everything has come to life... / A bitter place and a broken dream... / And we'll leave it all, leave it all behind!!! Edge
73%
Adrenaline in my soul / Every fight out of control / Do it all to get them off their feet / Crowd is here, about to blow Cody Rhodes
70%
People over there whassup? / If you feel me, stand up and say whassup? / Whassup? (Whassup?) R-Truth
70%
This is my brutality / I eat, sleep, bleed / The demons in your dreams / Look at my eyes / Look a—, look alive ('Live) Rhea Ripley
63%
Go! / If you close your eyes, your life, a naked truth revealed / Dreams you never lived and scars never healed Christian
62%
No chance of that's what you got (Ha ha yeah) / Up against a machine too strong / Greedy politicians buying souls from us are puppets Vince McMahon
62%
Light it up, light it up, light it tonight / Like shooting stars will burn and light up the sky / Light it up, light it up, light it tonight AJ Lee
59%
Yep, yep, yep, yep, yep, yep / No, they don't want none / They looking scared no they don't really want none... / We some southern boys / With the farmer strength AJ Styles
53%
And I dream broken dreams / Bad dreams come true, I make them for you / What's that metronome I hear? / Perhaps the end is drawing near Drew McIntyre
50%
Yeah! / This television has a poison on its breath / This counterculture of both wicked lives and death Batista
26%
I've got a sharp stick I keep in my pocket / I speak volumes, never utter a word / When you strike a match, a fire will happen Jeff Hardy
18%
No matching quizzes found
Score Distribution
Percent of People with Each Score
Percentile by Number Answered
Your Score History
You have not taken this quiz